000 00707nam a2200253Ia 4500
003 OSt
005 20220925212555.0
006 a|||||r|||| 00| 0
007 ta
008 220923b |||||||| |||| 00| 0 eng d
020 _a0043303196
037 _cGeneral Book
040 _aRTL
_cRTL
_beng
041 _2eng
_aeng
082 _aXM8.1.N7, M1
100 _aDunning John H
_9231816
245 0 _aInternational production and the multinational ent
260 _aLondon
_bAllen and Unwin
_c1981
300 _aviii, 439p
_ccm.
500 _aBibliography chapterwise
650 _aMultinational
942 _hXM8.1.N7, M1
_cGB
_2CC
999 _c560669
_d560669